| 000 | 00831nam a2200265Ia 4500 | ||
|---|---|---|---|
| 003 | OSt | ||
| 005 | 20221005033330.0 | ||
| 006 | a|||||r|||| 00| 0 | ||
| 007 | ta | ||
| 008 | 221004b |||||||| |||| 00| 0 eng d | ||
| 020 |
_a9789386223425 (hbk) _cINR 3500.00 |
||
| 024 | _a34829 | ||
| 037 |
_b118, 07/09/2017, Eastern Book Linkers _cTextual |
||
| 040 |
_aCRL _cCRL _beng |
||
| 041 |
_2eng _aeng |
||
| 082 | _aV21, Q7 | ||
| 100 | _aReddy P.Chenna Ed. | ||
| 245 | 0 | _aSacred complex of srisailan and saivism in South India | |
| 260 |
_aDelhi _bB.R. Publishing India _c2017 |
||
| 300 |
_axviii,277p. _ccm. |
||
| 650 |
_a TEMPLES - SOUTH INDIA _9586019 |
||
| 650 | _aSOUTH INDIA - HISTORY | ||
| 942 |
_hV21, Q7 _cTEXL _2cc |
||
| 999 |
_c941374 _d941374 |
||